000 00267nam a22001097a 4500
040 _cSK
082 _a636
245 _ales systemes delevage; ប្រព័ន្ធចិញ្ចឹមសត្វ
260 _aRUA
_bឌុក
_c1997
300 _a32p.
942 _cKB
999 _c8928
_d8928